History of political theories : (Record no. 575)

MARC details
000 -LEADER
fixed length control field 00559cam a2200193ua 4500
001 - CONTROL NUMBER
control field 646
005 - DATE AND TIME OF LATEST TRANSACTION
control field 20260515113213.0
008 - FIXED-LENGTH DATA ELEMENTS--GENERAL INFORMATION
fixed length control field 110411n ii |||gr||||Z||||||eng
040 ## - CATALOGING SOURCE
Transcribing agency MAIN
082 ## - DEWEY DECIMAL CLASSIFICATION NUMBER
Classification number 320.9
245 1# - TITLE STATEMENT
Title History of political theories :
Remainder of title From Luther to Montesquieu /
Statement of responsibility, etc. by William Archibald Dunning
250 ## - EDITION STATEMENT
Edition statement 1st.
260 ## - PUBLICATION, DISTRIBUTION, ETC.
Place of publication, distribution, etc. Allahabad:
Name of publisher, distributor, etc. Central book depot,966.
300 ## - PHYSICAL DESCRIPTION
Extent x, 459p:
Dimensions 30cm.
653 ## - INDEX TERM--UNCONTROLLED
Uncontrolled term Political science
653 ## - INDEX TERM--UNCONTROLLED
Uncontrolled term History of political theories
700 ## - ADDED ENTRY--PERSONAL NAME
Personal name Dunning, William Archibald.,
Relator term Author.
942 ## - ADDED ENTRY ELEMENTS (KOHA)
Koha item type Books
Holdings
Withdrawn status Lost status Damaged status Not for loan Home library Current library Shelving location Date acquired Total checkouts Full call number Barcode Date last seen Copy number Price effective from Koha item type
        Naharkatiya College Library Naharkatiya College Library General stacks 09/19/2020   320.9 | DUN 457 09/19/2020 1 09/19/2020 Books
        Naharkatiya College Library Naharkatiya College Library General stacks 09/19/2020   320.9 | DUN 458 09/19/2020 2 09/19/2020 Books